World of work report 2010 from one crisis to the next?.

Bibliographic Details
Corporate Authors: International Labour Organization., International Institute for Labour Studies., ProQuest (Firm)
Format: Electronic eBook
Language:English
Published: Geneva : International Labour Office, 2010.
Subjects:
Online Access:Click to View
LEADER 01288nam a2200349 a 4500
001 EBC3012410
003 MiAaPQ
005 20200520144314.0
006 m o d |
007 cr cn|||||||||
008 111213s2010 sz ad sb 000 0 eng d
020 |z 9789290149484 
020 |a 9789290149491 (electronic bk.) 
035 |a (MiAaPQ)EBC3012410 
035 |a (Au-PeEL)EBL3012410 
035 |a (CaPaEBR)ebr10512106 
035 |a (OCoLC)681344549 
040 |a MiAaPQ  |c MiAaPQ  |d MiAaPQ 
050 4 |a HD5706  |b .W67 2010 
245 0 0 |a World of work report 2010  |h [electronic resource] :  |b from one crisis to the next?. 
260 |a Geneva :  |b International Labour Office,  |c 2010. 
300 |a xvi, 125 p. :  |b ill. 
504 |a Includes bibliographical references. 
533 |a Electronic reproduction. Ann Arbor, MI : ProQuest, 2015. Available via World Wide Web. Access may be limited to ProQuest affiliated libraries. 
650 0 |a Labor market. 
650 0 |a Unemployment. 
650 0 |a Income distribution. 
655 4 |a Electronic books. 
710 2 |a International Labour Organization. 
710 2 |a International Institute for Labour Studies. 
710 2 |a ProQuest (Firm) 
856 4 0 |u https://ebookcentral.proquest.com/lib/matrademy/detail.action?docID=3012410  |z Click to View